000 00431nam a2200157 i 4500
001 23467
003 ES-MaACL
005 20230906152857.0
007 t|
008 021210s1901 sp ||||1| spa d
100 1 _aInsúa, Waldo A.
_965348
245 1 0 _aFinis
_b: últimos días de España en Cuba /
_cpor Waldo Alvarez Insua.
260 _aMadrid :
_bRomero,
_c1901.
300 _a394 p. ;
_c20 cm.
852 _aES-MaACL
_jF-11653
999 _c23467
_d23467